01392nam a2200385 a 450000100060000000300080000600500170001400600190003100700150005000800410006502000180010603500230012403500240014703500250017103500210019604000260021705000200024308000160026308200120027910000340029124501370032526000580046230000160052053301640053665000310070065000370073165000200076865000340078865000380082265000210086065500270088171000190090885600620092799900170098919695FlNmELB20241216213803.0m o d | cr cn|||||||||201209r2005 ck |||||s|||||||||||spa d z9789588252056 a(MiAaPQ)EBC3201118 a(Au-PeEL)EBL3201118 a(CaPaEBR)ebr10584409 a(OCoLC)929374243 aFlNmELBbspacFlNmELB 4aB824bF395 2005 a159.964.2:104a1112221 aFerro Bayona, Jesús,d1943-13aEl individuo en la cultura y la historiah[recurso electronico] :bensayos de filosofía y psicoanálisis /cJesús Ferro Bayona. aBarranquilla, Colombia :bEdiciones Uninorte,cc2005. axii, 248 p. aRecurso electrónico. Santa Fe, Arg.: e-libro, 2015. Disponible vía World Wide Web. El acceso puede estar limitado para las bibliotecas afiliadas a e-libro. 4aIndividuation (Philosophy) 4aIdentity (Philosophical concept) 4aPsychoanalysis. 4aIndividuación (Filosofía) 4aIdentidad (concepto filosófico) 4aPsicoanálisis. 4aLibros electrónicos.2 ae-libro, Corp.40uhttps://elibro.net/ereader/politecnicointernacional/69798 c19695d19695